00440 a2200157 450000100060000002000060000604000220001210000300003424000270006424500220009130000080011365000260012194200070014795201110015499900170026558481 a  cAnchieta - Pituba aMacedo, Joaquim Manuel de10aA luneta mágicalpor10aA luneta mágica a124 4aFicção brasileira cBK 00104070a91.1b91.1d2023-11-21l0o869.93 M141l MAC LUNp9090/PITr2023-11-21 18:26:18w2023-11-21yBK c58481d58481